000 00507nam a2200169Ia 4500
005 20250923145916.0
008 008 250917s9999 xx 000 0 eng d
037 _aTextual
040 _aDSWL
_beng
_cDSWL
041 _aeng
_2eng
084 _aa12(S), N83
_qDSWL
245 0 _aPublication manual of the American psychological Association
260 _aWashington
_b American Psychological Association
_c1987
300 _a208p.
942 _cTEXL
_ha12(S), N83
999 _c1457205
_d1457205